000
00301nam a22001097a 4500
008
230620b xxu||||| |||| 00| 0 eng d
082
_a
320.2
_b
WIL 1983
245
_a
Statecraft As Soulcraft
_b
What Government Does
260
_a
New York
_b
A Maryland Corporation
_c
1983
300
_a
186p
942
_2
ddc
_c
BK
999
_c
1596
_d
1596